000 00868nam a22002177a 4500
001 8560
003 FISKH
005 20250930090906.0
008 250930b cb ||||| |||| 00| 0 eng d
020 _a9781740470971
040 _aFISKH
_beng
_cFISKH
_dFISKH
082 _a636
100 _aAnonymous
245 _aPet pop-ups /
260 _aSydney :
_bJaimie Johnstone,
_c2019.
300 _a10 unnumbered pages :
_bcolor illustrations ;
_c27 cm
520 _aPet Pop-Ups is an interactive children’s book that introduces young readers to different kinds of pets through colorful illustrations and engaging pop-up features. Each page brings animals to life in 3D, helping children learn about common pets while having fun exploring the surprise elements.
650 _aPets
_vJuvenile literature
_xInteractive books
942 _2ddc
_cBK
_n0
999 _c8560
_d8560